| 000 | 00000nas 2200000zi 4500 |
| 001 | 9.933792 |
| 003 | CaOODSP |
| 005 | 20240322133909 |
| 006 | m o d f |
| 007 | cr ||||||||||| |
| 008 | 240212c20249999oncar p o||||f0 a0eng| |
| 040 | |aCaOODSP|beng|erda|cCaOODSP |
| 043 | |an-cn--- |
| 086 | 1 |aR101-10E-PDF |
| 110 | 2 |aPolar Knowledge Canada.|eauthor,|eissuing body. |
| 245 | 10|aFuture-oriented statement of operations (unaudited). |
| 264 | 1|aOttawa : |bPolar Knowledge Canada, |c[2023]- |
| 310 | |aAnnual |
| 336 | |atext|btxt|2rdacontent |
| 337 | |acomputer|bc|2rdamedia |
| 338 | |aonline resource|bcr|2rdacarrier |
| 362 | 1 |aBegan with: 2023/2024. |
| 500 | |aIssued also in French under title: État des résultats prospectif (non audité). |
| 588 | |aDescription based on: 2023/2024. |
| 588 | |aLatest issue consulted: 2023/2024. |
| 610 | 20|aPolar Knowledge Canada|vPeriodicals. |
| 650 | 0|aFinance, Public|zCanada|xForecasting|vPeriodicals. |
| 655 | 7|aPeriodicals|2lcgft |
| 775 | 08|tÉtat des résultats prospectif (non audité).|w(CaOODSP)9.933791 |